|
|
|
|
| LEADER |
01760nam a22004574a 4500 |
| 001 |
EBC589330 |
| 003 |
MiAaPQ |
| 005 |
20191030193359.0 |
| 006 |
m o d | |
| 007 |
cr cn||||||||| |
| 008 |
030617s2003 enk sb 001 0 eng |
| 010 |
|
|
|z 2003056207
|
| 020 |
|
|
|z 0719063701
|
| 020 |
|
|
|z 9780719063701
|
| 020 |
|
|
|a 9781847790729 (electronic bk.)
|
| 035 |
|
|
|a (MiAaPQ)EBC589330
|
| 035 |
|
|
|a (Au-PeEL)EBL589330
|
| 035 |
|
|
|a (CaPaEBR)ebr10082107
|
| 035 |
|
|
|a (CaONFJC)MIL73434
|
| 035 |
|
|
|a (OCoLC)191926030
|
| 040 |
|
|
|a MiAaPQ
|c MiAaPQ
|d MiAaPQ
|
| 050 |
|
4 |
|a DR479.E85
|b N34 2003
|
| 082 |
0 |
4 |
|a 327.561/009/049
|2 21
|
| 100 |
1 |
|
|a Nachmani, Amikam.
|
| 245 |
1 |
0 |
|a Turkey--facing a new millennium
|h [electronic resource] :
|b coping with intertwined conflicts /
|c Amikam Nachmani.
|
| 260 |
|
|
|a Manchester, UK ;
|a New York :
|b Manchester University Press :
|b Distributed exclusively in the USA by Palgrave,
|c 2003.
|
| 300 |
|
|
|a viii, 264 p.
|
| 490 |
1 |
|
|a Europe in change
|
| 504 |
|
|
|a Includes bibliographical references (p. [248]-257) and index.
|
| 533 |
|
|
|a Electronic reproduction. Ann Arbor, MI : ProQuest, 2016. Available via World Wide Web. Access may be limited to ProQuest affiliated libraries.
|
| 650 |
|
0 |
|a Kurds
|z Turkey.
|
| 651 |
|
0 |
|a Turkey
|x Foreign relations
|z Europe.
|
| 651 |
|
0 |
|a Europe
|x Foreign relations
|z Turkey.
|
| 651 |
|
0 |
|a Turkey
|x Foreign relations
|z Greece.
|
| 651 |
|
0 |
|a Greece
|x Foreign relations
|z Turkey.
|
| 651 |
|
0 |
|a Turkey
|x Foreign relations
|z Israel.
|
| 651 |
|
0 |
|a Israel
|x Foreign relations
|z Turkey.
|
| 655 |
|
4 |
|a Electronic books.
|
| 710 |
2 |
|
|a ProQuest (Firm)
|
| 830 |
|
0 |
|a Europe in change.
|
| 856 |
4 |
0 |
|u https://ebookcentral.proquest.com/lib/matrademy/detail.action?docID=589330
|z Click to View
|